000 00549nam a2200217Ia 4500
003 0100
008 130303s9999 xx 000 0 und d
020 _a0385247672
040 _cARRUPELIB
050 _aBS2330.2.B76 1997
100 _aBrown, Raymond E
245 3 _aAn introduction to the New Testament
260 _aNew York
260 _bDoubleday
260 _C1997
300 _axxxvii
300 _b 878 p. maps 25cm
440 _aThe Anchor Bible reference library
650 _bEuthanasia suicide -- Netherlands
942 0 0 _014
999 _c14327
_d14327